000 00495cam a2200181 a 4500
001 000007779
005 20200929154310.0
008 941004s1989 cu 001 0 spa
040 _aDO-SdBNP
_cDLC
050 0 0 _aMLCS 94/12429 (P)
082 _ann*
_bA662r
100 1 _aArango, Arturo,
_d1955-
_921482
245 1 0 _aReincidencias /
_cArturo Arango.
260 _aLa Habana :
_bAbril,
_c1989.
300 _a137 p. ;
_c19 cm.
586 _a"Premio Ensayo 1987".
910 _aCatalogación derivada
999 _c7557
_d7557